The soviet bloc, China and Africa (Record no. 477)
[ view plain ]
| 000 -LEADER | |
|---|---|
| fixed length control field | 00775nam a2200181 a 4500 |
| 008 - FIXED-LENGTH DATA ELEMENTS--GENERAL INFORMATION | |
| fixed length control field | 120927s1964 ||||||||||||||||| || u |
| 050 ## - LIBRARY OF CONGRESS CALL NUMBER | |
| Classification number | DT 38.9.R8 Sov |
| 100 ## - MAIN ENTRY--PERSONAL NAME | |
| Personal name | Widstrand, Carl Gosta |
| 245 14 - TITLE STATEMENT | |
| Title | The soviet bloc, China and Africa |
| Statement of responsibility, etc. | edited by Sven Hamrell and Carl Gosta Windstrand |
| 260 ## - PUBLICATION, DISTRIBUTION, ETC. | |
| Place of publication, distribution, etc. | London: |
| Name of publisher, distributor, etc. | Pall Mall Press |
| Date of publication, distribution, etc. | 1964 |
| 300 ## - PHYSICAL DESCRIPTION | |
| Extent | 173p.: ill. |
| 500 ## - GENERAL NOTE | |
| General note | Includes Bibliography |
| 650 ## - SUBJECT ADDED ENTRY--TOPICAL TERM | |
| Topical term or geographic name entry element | AFRICA--FOREIGN RELATIONS--SOVIET UNION--CONGRESSES |
| 650 ## - SUBJECT ADDED ENTRY--TOPICAL TERM | |
| Topical term or geographic name entry element | SOVIET UNION--FOREIGN RELATIONS--AFRICA--CONGRESSES |
| 650 ## - SUBJECT ADDED ENTRY--TOPICAL TERM | |
| Topical term or geographic name entry element | CHINA--FOREIGN RELATIONS--AFRICA--CONGRESSES |
| 700 ## - ADDED ENTRY--PERSONAL NAME | |
| Personal name | Hamrell, Sven |
| 995 ## - | |
| -- | SPECIAL COLLECTIONS |
| -- | 500185 |
| -- | CBU-DAG HAMMARSKJOLD INSTITUTE LIBRARY |
| -- | DAG DT 38.9.R8 Sov |
| -- | 1 |
| -- | AVAILABLE |
| -- | Jan 2, 2013 |
| -- | 500185 |
| -- | DHIPS Book Collection |
| 999 ## - | |
| -- | 477 |
| -- | 477 |
| Withdrawn status | Lost status | Source of classification or shelving scheme | Damaged status | Not for loan | Permanent Location | Current Location | Shelving location | Date acquired | Total Checkouts | Full call number | Barcode | Date last seen | Price effective from | Koha item type |
|---|---|---|---|---|---|---|---|---|---|---|---|---|---|---|
| CBU-DAG HAMMARSKJOLD INSTITUTE | CBU-DAG HAMMARSKJOLD INSTITUTE | 11/28/2022 | DT 38.9.R8 Sov | 500185 | 11/28/2022 | 11/28/2022 | MONOGRAPH |